Using basic statistics in the behavioral and social sciences (Record no. 8301)
[ view plain ]
| 000 -LEADER | |
|---|---|
| fixed length control field | 00514nam a22001697a 4500 |
| 020 ## - ISBN | |
| International Standard Book Number | 9780132216418 |
| 050 ## - LIBRARY OF CONGRESS CALL NUMBER | |
| Classification Number | QA276.12 |
| Item Number | .E93 2008 |
| 100 ## - MAIN ENTRY--Author | |
| Personal name | Evans,Annabel |
| 245 ## - TITLE | |
| Title | Using basic statistics in the behavioral and social sciences |
| Statement of responsibility, etc | Annabel Evans |
| 250 ## - EDITIONSTATEMENT | |
| Edition statement | Fifth edition |
| 260 ## - PUBLICATION, DISTRIBUTION, ETC.(IMPRINT) | |
| Place of publication, distribution, etc | Los Angeles |
| Name of publisher, distributor, etc | SAGE |
| Date of publication, distribution, etc | [2014] |
| 300 ## - PHYSICAL DESCRIPTION | |
| Extent | xvi, 605 pages ; 24 cm |
| 500 ## - GENERALNOTE | |
| General note | |
| 650 ## - SUBJECT--TOPIC | |
| Topical term following geographic name as entry element | Social sciences -- Statistical methods. |
| 650 ## - SUBJECT--TOPIC | |
| Topical term following geographic name as entry element | Psychology -- Statistical methods. |
| 942 ## - ADDED ENTRY ELEMENTS(KOHA) | |
| Source of classification or shelving scheme | Library of Congress Classification |
| Koha item type | General circulation |
| Source of classification or shelving scheme | Not for loan | Location (home branch) | Sublocation (holding branch) | Shelving location | Date accessioned | Full call number | Barcode | Koha item type | Public note | Nonpublic note |
|---|---|---|---|---|---|---|---|---|---|---|
| Library of Congress Classification | Main Campus Library | Main Campus Library | 04/08/2015 | QA276.12 .E93 2008 | 2015/006757 | General circulation | amm | |||
| Library of Congress Classification | Main Campus Library | Main Campus Library | 03/12/2015 | QA 276.12 .E93 2008 | 2015/008480 | General circulation | JCL | bindery | ||
| Library of Congress Classification | Mtito Andei Centre Library | Mtito Andei Centre Library | 05/02/2016 | QA276.12 .E93 2008 | 2015/009513 | General circulation | jm | |||
| Library of Congress Classification | Mtito Andei Centre Library | Mtito Andei Centre Library | 05/02/2016 | QA 276.12 .E93 2008 | 2015/009517 | General circulation | jm |